1177 1301 1303 1666 1481 1658 1845 1866 1986 1964 1357 1805 1437 1231 1006 1009 1877 1867 1253 1130 1700 1900 1288 1828 1015 1900 1268 1985 1358 1579 1115 1549 1899 1173 1949 1888 1090 1193 1552 1653 1814 1941 1256 1788 1141 1980 1955 1248 1946 1006 1725 1543 1680 1194 1759 1800 1399 1654 1666 1269 1808 1062 1777 1615 1733 1616 1515 1272 1896 1427 1314 1226 1967 1367 1322 1438 1885 1892 1812 1383 1127 1000 1158 1837 1740 1709 1490 1767 1815 1087 1770 1266 1025 1316 1664 1381 1699 1434 1655 BCNSPRNW ULIB Ver.6.0+V

เปลี่ยนเป็นภาษาไทย

Change to English
 แสดงรายละเอียดบรรณานุกรม
  กลับหน้าหลัก

Brief Record : Get Marc (ISO 2709) : E-mail record : QR code < ปิดหน้าต่าง
LEADER : 00000nam 2200000uu 4500
001    13399120364
003     ULIB
008    120918s2552||||th 000 0 tha d
020    ^a9742939314
060 04 ^aWY159^bก496 2552
245 00 ^aการพยาบาลเด็ก เล่ม 2 /^cบรรณาธิการ, พรทิพย์ศิริบูรณ์พิพัฒนา
250    ^aพิมพ์ครั้งที่ 7
260    ^aนนทบุรี :^bโครงการสวัสดิการวิชาการ สถาบันพระบรมราชชนกกระทรวงสาธารณสุข,^c2552
300    ^a[12], 467 หน้า :^bภาพประกอบ ;^c26 ซม.
504    ^aมีบรรณานุกรมและดัชนี
650  7 ^aการพยาบาลกุมารเวชศาสตร์
700 0  ^aพรทิพย์ ศิริบูรณ์พิพัฒนา,^eบรรณาธิการ
710 2  ^aกระทรวงสาธารณสุข
710 2  ^aสถาบันพระบรมราชราชชนก ^bโครงการสวัสดิการวิชาการ
945    ^p250^l0^i16901
945    ^p0^l0^i12071
995    ^aวิภา
999 ^a ใช้งานได้ทุกระบบ
รายการนี้ยังไม่มีแท็ก
คุณยังไม่ได้ล็อกอิน คุณสามารถมีกิจกรรมร่วมกับเว็บไซต์ได้ แต่ต้องล็อกอินก่อน ::
  ล็อกอิน

รายการสื่อสารสนเทศ

ลำดับที่ ประเภท เลขเรียก/บาร์โค้ด สถานที่ สถานะ
1. การศึกษาทั่วไป
การศึกษาทั่วไป
WY159 ก496 2552 ฉ.2 
  Barcode: 12071
ห้องสมุดวิทยาเขตสวรรค์ประชารักษ์
►หนังสือทั่วไป
บนชั้น

รายการใกล้เคียง
    หัวเรื่อง [การพยาบาลกุมารเวชศาสตร์]

BibComment


ยังไม่เคยถูกคอมเมนท์

คอมเมนท์ทรัพยากรรายการนี้
  คอมเมนท์: การพยาบาลเด็ก เล..


 Copyright 2026. Bcnsprnw @Library